000 00343nam a2200145Ia 4500
005 20251222152048.0
008 251222s9999||||xx |||||||||||||| ||spa||
020 _a8439587708
082 _a823.914/D31
100 _aDavis, Lindsey
245 0 _a¡A los Leones!:
250 _a1ra. ed.
264 _bPlaneta-De Agostini,S.A.
942 _cLIB
999 _c26294
_d26294